| 000 | 01221cam a2200133 4500500 | ||
|---|---|---|---|
| 005 | 20251214001915.0 | ||
| 041 | _afre | ||
| 042 | _adc | ||
| 100 | 1 | 0 |
_aDesjardins, Xavier _eauthor |
| 245 | 0 | 0 | _aL'aménagement du territoire |
| 260 |
_bArmand Colin,
_c2021. |
||
| 520 | _aOrganiser collectivement le rapport entre la société et son espace afin de mieux répondre aux objectifs politiques qu’elle se fixe : tel est le but de l’aménagement du territoire. Ce manuel clair et concis vient en présenter les principaux fondements et enjeux, notamment le développement économique, l’accès aux services, le rôle des infrastructures, la transition écologique. Cette nouvelle édition enrichie de nombreux exemples empruntés à des contextes variés (en France, en Europe et dans le monde) analyse les principaux débats liés à la construction des politiques publiques d’aménagement et leur mise en oeuvre. Elle propose une lecture critique et stimulante des expériences significatives et marquantes de l’aménagement du territoire, avant d’en interroger les formes à venir. | ||
| 856 | 4 | 1 | _uhttps://shs.cairn.info/l-amenagement-du-territoire--9782200630966?lang=fr&redirect-ssocas=7080 |
| 999 |
_c1566549 _d1566549 |
||